| 000 | 00620nam a2200205 4500 | ||
|---|---|---|---|
| 001 | sa 68014460 | ||
| 003 | DLC | ||
| 005 | 20260227112631.0 | ||
| 008 | 700216m19679999ii b 00000 eng | ||
| 010 | _asa 68014460 | ||
| 025 | _aPL480:I-E-9385 | ||
| 050 | 0 |
_aS625.I47 _bA48 |
|
| 082 | _a631.4/9/54 | ||
| 110 | 1 | 0 |
_aIndia (Republic). _bCommittee on Natural Resources. |
| 245 | 1 | _aStudy on soil conservation in the catchment areas above dams in river valley projects. | |
| 260 | 1 |
_a[New Delhi] _c1966 [i.e. 1967- |
|
| 300 |
_av. _bmaps. _c25 cm. |
||
| 350 |
_a3.80 _a($1.37) |
||
| 650 | 0 |
_aSoil conservation _zIndia. |
|
| 999 |
_c85804 _d85804 |
||